The blue death : disease, disaster, and the water we drink /

Bibliographic Details
Main Author: Morris, Robert D, 1956-
Format: Book
Published: Oxford: Oneworld, 2007.
Subjects:
LEADER 00710cam a2200217 7i4500
001 0000011306
005 20151104090000.0
005 ##20151104112700.0
003 ##MY-KlINT
020 # # |a 9781851685752  
039 # 9 |y 201511041127  |z VLOAD 
090 0 0 |a 363.61   |b MOR 
100 1 # |a Morris, Robert D,   |d 1956- 
245 1 4 |a The blue death :   |b disease, disaster, and the water we drink /   |c Robert D. Morris.. 
260 # # |a Oxford:   |b Oneworld,   |c 2007. 
300 # # |a ix, 310 p:   |b ill.,ports;   |c 23cm. 
500 # # |a Includes bibliographical references. 
650 # 0 |a Drinking water --   |x Contamination  
650 # 0 |a Environmentally induced diseases  
650 # 0 |a Drinking water  
999 |a 0000063386  |b BOOK  |c Main Non-Fiction  |e INTAN BK